Casi bígamo /
Guardado en:
| Autor Principal: | |
|---|---|
| Formato: | Libro |
| Publicado: |
Argentina :
Agon,
1990
|
| Materias: | |
| Etiquetas: |
Agregar Etiqueta
Sin Etiquetas, Sea el primero en etiquetar este registro!
|
| LEADER | 00535nam a22001935a 4500 | ||
|---|---|---|---|
| 001 | CEM.cems003430 | ||
| 005 | 19000101000000.0 | ||
| 008 | 130507s1990##################000#0#####d | ||
| 003 | CEMS | ||
| 082 | 0 | 4 | |a A863.4 |
| 100 | 1 | |a Iscla, Antonio F. J. | |
| 245 | 1 | 0 | |a Casi bígamo / |c Antonio F. J. Iscla |
| 260 | |a Argentina : |b Agon, |c 1990 | ||
| 300 | |a 309 p. | ||
| 653 | |a Literatura | ||
| 653 | |a Literatura argentina | ||
| 653 | |a Novela argentina-siglo 20 | ||
| 653 | |a Novelas | ||
| 859 | |a CEMS |b BIB. CEMS - 11 de abril |h A863.4 |i Is1-1 |p 16436.91 |t Ej.1 | ||
